KOHA-Header-6

Computer Graphics C Version (Record no. 7702)

000 -LEADER
fixed length control field 00255nam a2200109Ia 4500
100 ## - MAIN ENTRY--AUTHOR NAME
Personal name Donald Hearn
245 #0 - TITLE STATEMENT
Title Computer Graphics C Version
260 ## - PUBLICATION, DISTRIBUTION, ETC. (IMPRINT)
Place of publication USA
Name of publisher Prentice
Year of publication 1997
300 ## - PHYSICAL DESCRIPTION
Number of Pages 652
942 ## - ADDED ENTRY ELEMENTS (KOHA)
Koha item type Books
Holdings
Withdrawn status Lost status Collection code Permanent Location Current Location Shelving location Date acquired Full call number Accession Number Koha item type
    Computer Science MAJU MAJU   2019-09-12 005.23 1727 Computer Science

Powered by Koha